Getting Started with Matlab : (Record no. 4692)
[ view plain ]
| 000 -LEADER | |
|---|---|
| fixed length control field | 00576cam a2200193ua 4500 |
| 008 - FIXED-LENGTH DATA ELEMENTS--GENERAL INFORMATION | |
| fixed length control field | 131002n ii |||gr||||Z||||||eng |
| 020 ## - INTERNATIONAL STANDARD BOOK NUMBER | |
| International Standard Book Number | 978-0-19-806919-5 |
| 040 ## - CATALOGING SOURCE | |
| Transcribing agency | MAIN |
| 082 ## - DEWEY DECIMAL CLASSIFICATION NUMBER | |
| Classification number | 004 |
| 245 11 - TITLE STATEMENT | |
| Title | Getting Started with Matlab : |
| Remainder of title | A Quick Introduction for Scientists and Engineers / |
| Statement of responsibility, etc. | by Rudra Pratap . |
| 260 ## - PUBLICATION, DISTRIBUTION, ETC. | |
| Place of publication, distribution, etc. | NewYork: |
| Name of publisher, distributor, etc. | Oxford university Press, |
| Date of publication, distribution, etc. | 2010. |
| 300 ## - PHYSICAL DESCRIPTION | |
| Extent | xii,263. |
| 700 1# - ADDED ENTRY--PERSONAL NAME | |
| Personal name | Pratap Rudra., |
| Relator term | |
| 942 ## - ADDED ENTRY ELEMENTS (KOHA) | |
| Koha item type | Books |
| 110 ## - MAIN ENTRY--CORPORATE NAME | |
| Subordinate unit | aa. |
| 653 ## - INDEX TERM--UNCONTROLLED | |
| Uncontrolled term | Data processing & computer science |
| 653 ## - INDEX TERM--UNCONTROLLED | |
| Uncontrolled term | getting started with Matlab |
| Withdrawn status | Lost status | Damaged status | Not for loan | Home library | Current library | Shelving location | Date acquired | Total Checkouts | Full call number | Barcode | Date last seen | Copy number | Price effective from | Koha item type |
|---|---|---|---|---|---|---|---|---|---|---|---|---|---|---|
| Central Library, Naharkatiya College | Central Library, Naharkatiya College | General Stacks | 19/09/2020 | 004 | PRA | 20993 | 19/09/2020 | 1 | 19/09/2020 | Books |
